000 00475nam a2200169 i 4500
001 56721
003 ES-MaACL
005 20231205193244.0
007 t|
008 031013s1974 sp ||||1| spa d
100 1 _aDiego, Gerardo,
_d1896-1987
_944545
245 1 0 _aManuel Machado, poeta /
_cGerardo Diego.
260 _aMadrid :
_bEd. Nacional,
_c[1974]
300 _a298 p., 9 lám. ;
_c18 cm.
852 _aES-MaACL
_jE-6727
_bR.90993
999 _c56721
_d56721